Entre deux O (mort subite) - Statistiques

Statistiques générales
  • Ce quiz a été pris 214 fois
  • Le résultat moyen est 7 sur 13
Answers on the Grid
Answers color-coded by a green-red scale on the quiz's grid according to % correct below.
Ro-otique
O-oroutasix
Do-omites
Vasymo-o
Co-ombie
Bo-ox
Jo-oba
So-orifique
Ho-orifique
Po-onais
Fo-olle
Lo-orrhée
Co-onneux
Mo-orisé
Fo-omaton
Lo-omotive
 
Statistiques - réponses
Réponse % Correct
Ro-otique
86%
Co-ombie
77%
Po-onais
73%
Bo-ox
64%
Do-omites
59%
Lo-omotive
55%
Mo-orisé
52%
So-orifique
50%
Ho-orifique
43%
Jo-oba
41%
Fo-olle
39%
Co-onneux
36%
Lo-orrhée
22%
Aucun quiz correspondant
Distribution des résultats
% des personnes avec chaque résultat
Percentile par nombre de réponses
Votre historique - résultats
Vous n’avez pas pris ce quiz